000 00357nam a2200133Ia 4500
005 20260326100037.0
008 260326s9999||||xx |||||||||||||| ||und||
100 _aRogers, Ernesto N.
245 0 _aExperiencia de la Arquitectura /
_cErnesto N. Rogers
260 _bEdiciones Nueva Visión
300 _a230 p.
650 _aARQUITECTURA-GENERAL
942 _cBK
999 _c6853
_d6853